| 000 | 00635nam a2200193 i 4500 | ||
|---|---|---|---|
| 001 | 75059 | ||
| 003 | ES-MaACL | ||
| 005 | 20230906172328.0 | ||
| 007 | t| | ||
| 008 | 040922s1906 gw ||||1| ger d | ||
| 100 | 1 |
_aGottlob, Adolf. _959303 |
|
| 245 | 1 | 0 |
_aKreuzablass und Almosenablass _b: eine studie über die Frubzest des ablasswesens / _cvon Adolf Gottlob. |
| 260 |
_aStuttgart : _bFerdinand Enke, _c1906. |
||
| 300 |
_aXIV, 316 p. ; _c23 cm. |
||
| 490 | 1 |
_aKirchenrechtliche Abh'randlungen ; _v30-31 |
|
| 830 | 0 |
_aKirchenrechtliche Abh'randlungen ; _v30-31 _9231237 |
|
| 852 |
_aES-MaACL _jG-13847 |
||
| 999 |
_c75059 _d75059 |
||